000 00274nam a22001337a 4500
003 SGT
082 _a370
_bC16C
100 _aCHADHA, ANUPRIYA
245 _aCHILD PSYCHOLOGY
260 _aNEW DELHI
_bAPH PUB
_c2016
300 _a176
650 _aEDUCATION
942 _2ddc
_cBK
999 _c12706
_d12706